[Event "DEM U12w 2016"]
[Site "Willingen GER"]
[Date "2016.05.21"]
[Round "11"]
[White "Kunisch, Nina"]
[Black "Khamenya, Vitalia"]
[Result "1/2-1/2"]
[Termination "normal"]
[Board "2"]
[WhiteElo "1480"]
[BlackElo "1611"]
[WhiteClock "00:35:35"]
[BlackClock "00:10:40"]
[PlyCount "60"]
[WhiteFideId "12982849"]
[BlackFideId "12959260"]
[EventCountry "GER"]
[EventRounds "11"]
[EventType "swiss"]
[EventDate "2016.05.14"]

1. d4 g6 2. e4 Bg7 3. Nc3 d6 4. Be3 a6 5. f4 Nd7 6. Nf3 b5 7. Bd3 Bb7 8. e5 e6
9. Be4 d5 10. Bd3 Ne7 11. g4 Rc8 12. b4 Nb6 13. a3 Nc4 14. Bc1 Kd7 15. a4 c6
16. a5 Ng8 17. Ne2 Bf8 18. c3 Nh6 19. h3 Ng8 20. Ng5 Qe8 21. Ng3 Kc7 22. Qe2
Be7 23. h4 h6 24. Nf3 Qd8 25. Bb2 Kb8 26. O-O-O Rc7 27. Kb1 Bc8 28. g5 h5 29.
Rhg1 Bf8 30. Rdf1 Ne7 1/2-1/2

[Event "DEM U12w 2016"]
[Site "Willingen GER"]
[Date "2016.05.21"]
[Round "11"]
[White "Peglau, Mirjam"]
[Black "Rudolph, Eva"]
[Result "0-1"]
[Termination "normal"]
[Board "3"]
[WhiteElo "1314"]
[BlackElo "1558"]
[WhiteClock "01:09:03"]
[BlackClock "00:32:37"]
[PlyCount "38"]
[WhiteFideId "16211138"]
[BlackFideId "16200594"]
[EventCountry "GER"]
[EventRounds "11"]
[EventType "swiss"]
[EventDate "2016.05.14"]

1. e4 e5 2. Nf3 Nf6 3. Nxe5 d6 4. Nxf7 Kxf7 5. d4 c5 6. dxc5 Qa5+ 7. Nd2 Qxc5
8. Bc4+ d5 9. exd5 Bd6 10. h3 Re8+ 11. Kf1 Kg8 12. Bb3 b5 13. a4 b4 14. Nf3
Ba6+ 15. Kg1 Bg3 16. Be3 Rxe3 17. Qd4 Bxf2+ 18. Kh2 Qd6+ 19. Ne5 Bg3+ 0-1

[Event "DEM U12w 2016"]
[Site "Willingen GER"]
[Date "2016.05.21"]
[Round "11"]
[White "Ortlepp, Klaudia"]
[Black "Schnabel, Luise"]
[Result "0-1"]
[Termination "normal"]
[Board "4"]
[WhiteElo "1407"]
[BlackElo "1621"]
[WhiteClock "00:07:27"]
[BlackClock "00:04:41"]
[PlyCount "140"]
[WhiteFideId "16206045"]
[BlackFideId "12943347"]
[EventCountry "GER"]
[EventRounds "11"]
[EventType "swiss"]
[EventDate "2016.05.14"]

1. d4 Nf6 2. Nc3 d5 3. Nf3 Bf5 4. Bf4 a6 5. e3 e6 6. Bd3 Bg6 7. Ne5 c5 8. Be2
Nbd7 9. Bg5 c4 10. O-O Be7 11. Nf3 h6 12. Bh4 Bh7 13. Bg3 b5 14. h3 Nb6 15. Ne5
Rc8 16. Qe1 Bxc2 17. Rc1 Bh7 18. Qd1 O-O 19. Bh2 Qe8 20. Bf3 b4 21. Ne2 Nfd7
22. Re1 Nxe5 23. Bxe5 Nd7 24. Bh2 Nf6 25. Be5 Ne4 26. Bxe4 Bxe4 27. f3 Bh7 28.
Rf1 Qd7 29. Bg3 Bd6 30. Be1 Rb8 31. Ng3 Bd3 32. Ne2 Rfc8 33. Rf2 Bh7 34. Rf1
Qd8 35. Kh1 a5 36. Kg1 Qb6 37. Kh1 Ra8 38. Qa4 Qc6 39. Qd1 Qb5 40. Kg1 a4 41.
Kh1 Bd3 42. Rf2 Bh7 43. Rf1 Be7 44. Kg1 Bd3 45. Rf2 Bh4 46. g3 Bg5 47. Bd2 Qb8
48. Kg2 Be7 49. Nf4 Bh7 50. Ne2 Qb7 51. Kh2 Bd6 52. Qe1 Qe7 53. Rg2 Rcb8 54.
Kh1 b3 55. axb3 axb3 56. Bc3 Ra2 57. Rg1 Rba8 58. Qd1 Bb4 59. Qe1 Bxc3 60. Qxc3
R8a6 61. Nf4 Kh8 62. Kh2 Qb7 63. Kh1 R6a4 64. Rgf1 Qa7 65. Kh2 Ra1 66. Qe1 Rxc1
67. Qxc1 Ra2 68. Kh1 Qa5 69. Ne2 Bd3 70. Re1 Bxe2 0-1

[Event "DEM U12w 2016"]
[Site "Willingen GER"]
[Date "2016.05.21"]
[Round "11"]
[White "Brunner, Sophia"]
[Black "Reuter, Elisa"]
[Result "1/2-1/2"]
[Termination "normal"]
[Board "5"]
[WhiteElo "1602"]
[BlackElo "1591"]
[PlyCount "107"]
[WhiteFideId "12960683"]
[BlackFideId "12995444"]
[EventCountry "GER"]
[EventRounds "11"]
[EventType "swiss"]
[EventDate "2016.05.14"]

1. d4 f5 2. c4 Nf6 3. Nc3 g6 4. Nf3 Bg7 5. Bf4 O-O 6. Qc1 d6 7. Bh6 Qe8 8. Bxg7
Kxg7 9. e3 e5 10. dxe5 dxe5 11. Be2 c6 12. O-O Na6 13. Qc2 Qe7 14. Rad1 h6 15.
a3 Nc7 16. Rd2 c5 17. Rfd1 e4 18. Ne1 Be6 19. Nd5 Qf7 20. Qc3 Kh7 21. Nxf6+
Qxf6 22. Rd7+ Bxd7 23. Rxd7+ Kg8 24. Qxf6 Rxf6 25. Rxc7 b6 26. Rd7 Rf7 27. Rd6
Kg7 28. f3 Re8 29. f4 Ree7 30. Kf1 Rd7 31. Rd5 a6 32. a4 Rfe7 33. Nc2 a5 34.
Ke1 Kf6 35. Na3 Ke6 36. Rxd7 Rxd7 37. Nb5 Kf6 38. Nc3 Kg7 39. Nd5 h5 40. g3 Rb7
41. h3 Kh6 42. Kd2 Rd7 43. Kc2 Rb7 44. Nc3 Rg7 45. h4 Rb7 46. Nd5 Kg7 47. Bd1
Kh6 48. Be2 Kg7 49. b4 axb4 50. Kb3 Kh6 51. a5 bxa5 52. Bd1 Kg7 53. Ka4 Kf7 54.
Bb3 1/2-1/2

[Event "DEM U12w 2016"]
[Site "Willingen GER"]
[Date "2016.05.21"]
[Round "11"]
[White "Dietz, Kristin"]
[Black "Glinzner, Alva"]
[Result "1-0"]
[Termination "normal"]
[Board "6"]
[WhiteElo "1432"]
[BlackElo "1518"]
[PlyCount "151"]
[WhiteFideId "12993743"]
[BlackFideId "16206169"]
[EventCountry "GER"]
[EventRounds "11"]
[EventType "swiss"]
[EventDate "2016.05.14"]

1. e4 c6 2. d4 d5 3. Nd2 dxe4 4. Nxe4 Bf5 5. Ng3 Bg6 6. N1e2 h6 7. Nf4 Bh7 8.
Bc4 e6 9. O-O Nf6 10. Re1 Be7 11. Bb3 O-O 12. c3 Nbd7 13. Qe2 Nb6 14. Bd2 Qc7
15. Nxe6 fxe6 16. Qxe6+ Kh8 17. Qxe7 Qxe7 18. Rxe7 Rab8 19. Rae1 Nbd5 20. Bxd5
Nxd5 21. R7e5 Nf6 22. h3 Nd5 23. c4 Nb6 24. b3 Rfd8 25. Bc3 Nd7 26. R5e3 Nf6
27. f3 b5 28. Ne4 Nh5 29. cxb5 Rxb5 30. Nc5 Nf6 31. Bb2 Nh5 32. Re8+ Rxe8 33.
Rxe8+ Bg8 34. Ra8 Kh7 35. Rxa7 Rb8 36. Ne4 Bd5 37. Kh2 Kg8 38. Bc1 Re8 39. Ng3
Nf6 40. Bf4 Rd8 41. Be5 Nd7 42. Nf5 Nxe5 43. dxe5 Re8 44. Ne7+ Kf8 45. Nxd5
cxd5 46. f4 Rd8 47. Kg1 d4 48. Rc7 d3 49. Rc1 Ke7 50. Rd1 Ke6 51. Kf2 Ra8 52.
a4 Rf8 53. g3 g5 54. Ke3 gxf4+ 55. gxf4 Kf5 56. Rxd3 Rb8 57. a5 Ra8 58. b4 Rc8
59. a6 Rc1 60. Ra3 Rc8 61. b5 Ke6 62. b6 Kd7 63. a7 Rg8 64. a8=Q Rxa8 65. Rxa8
Kc6 66. e6 Kb7 67. e7 Kxa8 68. e8=Q+ Kb7 69. Qb5 h5 70. Qc4 h4 71. Kd4 Kxb6 72.
Kd5 Kb7 73. Kd6 Kb6 74. Qb4+ Ka6 75. Kc6 Ka7 76. Qb7# 1-0

[Event "DEM U12w 2016"]
[Site "Willingen GER"]
[Date "2016.05.21"]
[Round "11"]
[White "Limbach, Anna-Lena"]
[Black "Bardorz, Jana"]
[Result "0-1"]
[Termination "normal"]
[Board "7"]
[WhiteElo "1365"]
[BlackElo "1485"]
[PlyCount "176"]
[WhiteFideId "12980412"]
[BlackFideId "16208897"]
[EventCountry "GER"]
[EventRounds "11"]
[EventType "swiss"]
[EventDate "2016.05.14"]

1. e4 e5 2. Nf3 Nc6 3. Bc4 Nf6 4. Ng5 d5 5. exd5 Na5 6. d3 h6 7. Nf3 Bd6 8. O-O
O-O 9. a3 Nxc4 10. dxc4 Bg4 11. h3 Bh5 12. Qe1 Bxf3 13. gxf3 Qd7 14. Kg2 Qf5
15. Qe2 Qg6+ 16. Kh1 Qh5 17. Kg2 e4 18. Nc3 exf3+ 19. Qxf3 Qg6+ 20. Kh1 Qxc2
21. Bxh6 Qg6 22. Bxg7 Kh7 23. Bxf6 Rg8 24. Rg1 Qh6 25. Qf5+ Rg6 26. Rg5 Kg8 27.
Rh5 Rxf6 28. Rg5+ Kf8 29. Qg4 Rg6 30. Rxg6 Qxg6 31. Qxg6 fxg6 32. Rg1 Kf7 33.
Kg2 Re8 34. Kf3 Re5 35. h4 Bc5 36. Rf1 Rf5+ 37. Kg2 Rf4 38. Kg3 Rxc4 39. Ne2
Bd6+ 40. Kf3 Rxh4 41. Rc1 Rh5 42. Nd4 Rxd5 43. Ke4 Rc5 44. Rd1 Re5+ 45. Kf3 Bc5
46. b4 Bxd4 47. Rxd4 Ke6 48. Rd3 c5 49. bxc5 Rxc5 50. Kf4 g5+ 51. Kf3 Kf5 52.
Kg2 Ra5 53. Rf3+ Ke4 54. Re3+ Kd4 55. Re7 b6 56. Re3 Kc4 57. Re4+ Kb3 58. Re3+
Ka2 59. Re2+ Kxa3 60. Re3+ Kb4 61. Re4+ Kb5 62. Re5+ Ka6 63. Re3 Rc5 64. Ra3+
Kb7 65. Re3 a5 66. Re7+ Rc7 67. Re5 Rg7 68. Re3 a4 69. Rg3 b5 70. Rg4 Kb6 71.
f4 a3 72. Rxg5 Rxg5+ 73. fxg5 a2 74. g6 a1=Q 75. Kf2 Qf6+ 76. Kg2 Qxg6+ 77. Kf3
Qe6 78. Kf4 Kc5 79. Kf3 Qe5 80. Kg4 Qf6 81. Kg3 Qf5 82. Kg2 Qf4 83. Kg1 Qf3 84.
Kh2 Qg4 85. Kh1 Kd4 86. Kh2 Ke3 87. Kh1 Kf2 88. Kh2 Qg2# 0-1

[Event "DEM U12w 2016"]
[Site "Willingen GER"]
[Date "2016.05.21"]
[Round "11"]
[White "Bayer, Melissa"]
[Black "Pavlov, Liliane"]
[Result "1-0"]
[Termination "normal"]
[Board "8"]
[WhiteElo "1484"]
[BlackElo "1445"]
[PlyCount "123"]
[WhiteFideId "16206916"]
[BlackFideId "16225449"]
[EventCountry "GER"]
[EventRounds "11"]
[EventType "swiss"]
[EventDate "2016.05.14"]

1. e4 d5 2. exd5 Qxd5 3. Nc3 Qd6 4. Nf3 Nf6 5. d4 a6 6. Be3 Bg4 7. h3 Bh5 8. g4
Bg6 9. Bd3 Nc6 10. g5 Nd5 11. Ne4 Bxe4 12. Bxe4 Nxe3 13. fxe3 O-O-O 14. Qd2 e5
15. dxe5 Nxe5 16. O-O-O Nxf3 17. Bxf3 Qxd2+ 18. Rxd2 Rxd2 19. Kxd2 Bb4+ 20. c3
Rd8+ 21. Kc2 Bc5 22. Re1 Rd6 23. b4 Ba7 24. c4 Rg6 25. Bg4+ Kb8 26. h4 h6 27.
Bf5 Rb6 28. Rd1 Rd6 29. Rxd6 cxd6 30. Kd3 hxg5 31. hxg5 f6 32. gxf6 gxf6 33.
Ke4 Kc7 34. Be6 Kd8 35. Kf4 Bb8 36. Kf5 Ke7 37. Bc8 b6 38. Bxa6 Bc7 39. a4 Bd8
40. Bc8 Bc7 41. Ke4 Kd8 42. Bf5 Bb8 43. Kd5 Kc7 44. Ke6 Ba7 45. Kxf6 b5 46.
axb5 Bxe3 47. Ke6 Bd2 48. c5 Bxb4 49. b6+ Kc6 50. Be4+ Kxc5 51. b7 Kd4 52. b8=Q
Bc5 53. Bd5 Kc3 54. Qb3+ Kd4 55. Qc4+ Ke3 56. Qe4+ Kd2 57. Bc4 Kc3 58. Qd3+ Kb2
59. Qb3+ Kc1 60. Qa2 Kd1 61. Bd3 Kc1 62. Qc2# 1-0

[Event "DEM U12w 2016"]
[Site "Willingen GER"]
[Date "2016.05.21"]
[Round "11"]
[White "Meijerink, Inken"]
[Black "Stowicek, Yara Mathilda"]
[Result "1-0"]
[Termination "normal"]
[Board "9"]
[WhiteElo "1306"]
[BlackElo "1394"]
[PlyCount "45"]
[WhiteFideId "16225465"]
[BlackFideId "16203569"]
[EventCountry "GER"]
[EventRounds "11"]
[EventType "swiss"]
[EventDate "2016.05.14"]

1. e4 e5 2. Nf3 Nc6 3. d4 exd4 4. Nxd4 Nf6 5. Nc3 Bb4 6. Nxc6 bxc6 7. Bd3 d5 8.
exd5 O-O 9. dxc6 Re8+ 10. Be3 Nd5 11. Qd2 f5 12. O-O Kh8 13. Bg5 Qd6 14. Rfe1
Rxe1+ 15. Rxe1 h6 16. Re8+ Kh7 17. Bxf5+ Bxf5 18. Rxa8 Bxc3 19. bxc3 Qxc6 20.
Rd8 hxg5 21. Qxg5 Qxc3 22. Qxf5+ Kh6 23. Rh8# 1-0

[Event "DEM U12w 2016"]
[Site "Willingen GER"]
[Date "2016.05.21"]
[Round "11"]
[White "Schneider, Katharina"]
[Black "Liu, Sijia Anna"]
[Result "0-1"]
[Termination "normal"]
[Board "10"]
[WhiteElo "1565"]
[BlackElo "1357"]
[PlyCount "174"]
[WhiteFideId "16200519"]
[BlackFideId "12989746"]
[EventCountry "GER"]
[EventRounds "11"]
[EventType "swiss"]
[EventDate "2016.05.14"]

1. e4 c5 2. Nf3 Nc6 3. d4 cxd4 4. Nxd4 g6 5. c4 Bg7 6. Be3 Nf6 7. Nc3 O-O 8.
Be2 d6 9. O-O Bd7 10. f3 Rc8 11. Qd2 Ne5 12. b3 a6 13. Qc1 Qc7 14. Nd5 Nxd5 15.
cxd5 Qc3 16. Qxc3 Rxc3 17. Bd2 Rcc8 18. Rac1 Nd3 19. Bxd3 Bxd4+ 20. Kh1 Bb2 21.
Rb1 Bc3 22. Rfd1 Rc7 23. Bxc3 Rxc3 24. h3 f5 25. Rbc1 Rfc8 26. Rxc3 Rxc3 27.
Kg1 Kf7 28. Kf1 Kf6 29. Ke2 f4 30. Kd2 Rc5 31. Rc1 Rxc1 32. Kxc1 e6 33. dxe6
Bxe6 34. Kd2 d5 35. exd5 Bxd5 36. Ke2 Ke5 37. Kd2 Kd4 38. Bf1 a5 39. Bb5 Bc6
40. Bc4 b5 41. Bg8 h6 42. Bf7 g5 43. a3 b4 44. a4 Bd7 45. Bg6 Be6 46. Bc2 h5
47. Bd1 Bf5 48. Be2 Ke5 49. Bd3 Be6 50. Bc2 g4 51. hxg4 hxg4 52. fxg4 Bxg4 53.
Bd1 Bxd1 54. Kxd1 Kd4 55. Kd2 Ke4 56. Ke2 Kd4 57. Kd2 Ke5 58. Ke2 Ke4 59. Kf2
Kd3 60. Kf3 Kc3 61. Kxf4 Kxb3 62. g4 Kxa4 63. g5 b3 64. g6 b2 65. g7 b1=Q 66.
g8=Q Qb4+ 67. Ke3 Qb3+ 68. Qxb3+ Kxb3 69. Kd2 Kb2 70. Kd3 a4 71. Kc4 a3 72. Kb4
a2 73. Kc5 a1=Q 74. Kd5 Qa4 75. Kc5 Qe4 76. Kb5 Qd4 77. Kc6 Kb3 78. Kb5 Qc4+
79. Kb6 Qd5 80. Kc7 Qe6 81. Kb7 Qd6 82. Ka7 Qc6 83. Kb8 Qd7 84. Ka8 Kb4 85. Kb8
Kb5 86. Ka8 Kb6 87. Kb8 Qb7# 0-1

[Event "DEM U12w 2016"]
[Site "Willingen GER"]
[Date "2016.05.21"]
[Round "11"]
[White "Reichelt, Lena"]
[Black "Sinnhöfer, Lilian"]
[Result "0-1"]
[Termination "normal"]
[Board "11"]
[WhiteElo "1261"]
[BlackElo "1283"]
[PlyCount "108"]
[WhiteFideId "12981184"]
[BlackFideId "12977586"]
[EventCountry "GER"]
[EventRounds "11"]
[EventType "swiss"]
[EventDate "2016.05.14"]

1. e4 e5 2. Nf3 Nc6 3. d4 exd4 4. Nxd4 Nf6 5. Nc3 Bb4 6. Nxc6 bxc6 7. Bg5 h6 8.
Bxf6 Qxf6 9. Qd2 O-O 10. Bd3 d5 11. a3 Bxc3 12. Qxc3 Qxc3+ 13. bxc3 dxe4 14.
Bc4 Re8 15. O-O Be6 16. Bb3 c5 17. Ba4 Re7 18. Bc6 Rd8 19. Rfe1 Bd5 20. Bxd5
Rxd5 21. f3 e3 22. Rad1 Rd2 23. Rc1 Kf8 24. Rb1 Kg8 25. Rbc1 c6 26. h3 f5 27.
f4 g5 28. fxg5 hxg5 29. Rf1 f4 30. a4 a5 31. Rfe1 Re4 32. Rf1 Rxa4 33. Rfd1 Re4
34. Re1 a4 35. Kf1 Rf2+ 36. Kg1 a3 37. Red1 a2 38. Rd8+ Kf7 39. Ra8 Rc4 40.
Rxa2 Rxc3 41. Rb2 Rd2 42. Kf1 Ke6 43. Ra2 Kd5 44. Rb2 Ke4 45. Ra2 f3 46. Ra4+
c4 47. gxf3+ Kxf3 48. Ra2 Rh2 49. Kg1 Rxh3 50. Rf1+ Kg3 51. Rf5 g4 52. Rf6 e2
53. Re6 Rh2 54. Re5 Rf3 0-1

[Event "DEM U12w 2016"]
[Site "Willingen GER"]
[Date "2016.05.21"]
[Round "11"]
[White "Hapke, Lara"]
[Black "Otterpohl, Isabel"]
[Result "1/2-1/2"]
[Termination "normal"]
[Board "12"]
[WhiteElo "971"]
[BlackElo "1699"]
[PlyCount "41"]
[WhiteFideId "12996572"]
[BlackFideId "12999180"]
[EventCountry "GER"]
[EventRounds "11"]
[EventType "swiss"]
[EventDate "2016.05.14"]

1. e4 e5 2. Nf3 Nc6 3. d4 exd4 4. Nxd4 Nf6 5. Nxc6 bxc6 6. e5 Nd5 7. c4 Nb6 8.
Nc3 Bb4 9. Bd3 Bxc3+ 10. bxc3 d6 11. Bf4 Be6 12. Qe2 Qe7 13. O-O d5 14. cxd5
cxd5 15. Rfe1 Qh4 16. Bg3 Qg4 17. Bb5+ Nd7 18. Qe3 Qf5 19. Bd3 Qh5 20. Be2 Qf5
21. Bd3 1/2-1/2

[Event "DEM U12w 2016"]
[Site "Willingen GER"]
[Date "2016.05.21"]
[Round "11"]
[White "Zell, Hannah"]
[Black "Diederich, Greta"]
[Result "1/2-1/2"]
[Termination "normal"]
[Board "13"]
[WhiteElo "1371"]
[BlackElo "1215"]
[PlyCount "47"]
[WhiteFideId "16208900"]
[BlackFideId "12988618"]
[EventCountry "GER"]
[EventRounds "11"]
[EventType "swiss"]
[EventDate "2016.05.14"]

1. e4 c5 2. Nf3 Nc6 3. Bb5 g6 4. Bxc6 bxc6 5. O-O Bg7 6. c3 e6 7. d4 cxd4 8.
cxd4 Nf6 9. e5 Nd5 10. Nc3 O-O 11. Re1 Ba6 12. Nxd5 cxd5 13. b3 Re8 14. Ba3 Bf8
15. Bxf8 Rxf8 16. Qd2 Qe7 17. Rec1 Rfc8 18. Rxc8+ Bxc8 19. Qg5 Qxg5 20. Nxg5
Ba6 21. Rc1 Rc8 22. Rxc8+ Bxc8 23. Kf1 h6 24. Nf3 1/2-1/2

[Event "DEM U12w 2016"]
[Site "Willingen GER"]
[Date "2016.05.21"]
[Round "11"]
[White "Delgado, Celina"]
[Black "Orlova, Alicia"]
[Result "1/2-1/2"]
[Termination "normal"]
[Board "14"]
[WhiteElo "1405"]
[BlackElo "1285"]
[PlyCount "86"]
[WhiteFideId "12993735"]
[BlackFideId "34154563"]
[EventCountry "GER"]
[EventRounds "11"]
[EventType "swiss"]
[EventDate "2016.05.14"]

1. e4 e5 2. Nf3 Qe7 3. Nc3 c6 4. Bc4 h6 5. d3 d6 6. h3 Nf6 7. Be3 Nbd7 8. O-O
g5 9. Nh2 Bg7 10. Qe2 O-O 11. Bb3 Re8 12. Rfe1 Nf8 13. Rad1 Ng6 14. Qd2 Nf4 15.
Bxf4 gxf4 16. Nf3 Nh7 17. Kh1 Bd7 18. d4 Rad8 19. dxe5 dxe5 20. Qe2 Kh8 21. Rd2
Rg8 22. Red1 Be6 23. Rxd8 Rxd8 24. Rxd8+ Qxd8 25. Bxe6 fxe6 26. Qd2 Qxd2 27.
Nxd2 Kg8 28. Nc4 Kf8 29. Nd6 b5 30. Nc8 a6 31. Na7 c5 32. a4 b4 33. Ne2 Nf6 34.
f3 Ke8 35. Nc6 Nd7 36. g3 Nf8 37. Nb8 Nd7 38. Nxd7 Kxd7 39. b3 fxg3 40. Nxg3
Ke7 41. Kg2 Kf7 42. Ne2 Kf6 43. Kg3 a5 1/2-1/2

[Event "DEM U12w 2016"]
[Site "Willingen GER"]
[Date "2016.05.21"]
[Round "11"]
[White "Fuchs, Emily"]
[Black "Krömer, Paulina"]
[Result "1/2-1/2"]
[Termination "normal"]
[Board "15"]
[WhiteElo "1027"]
[BlackElo "1643"]
[PlyCount "119"]
[WhiteFideId "16208986"]
[BlackFideId "16212363"]
[EventCountry "GER"]
[EventRounds "11"]
[EventType "swiss"]
[EventDate "2016.05.14"]

1. e4 e5 2. Nf3 Nc6 3. d4 exd4 4. Nxd4 Nf6 5. Nc3 Bb4 6. Nxc6 bxc6 7. Bd3 O-O
8. O-O d5 9. e5 Ng4 10. Bf4 Re8 11. Re1 Bc5 12. Bg3 Rb8 13. h3 Nh6 14. Rb1 Nf5
15. Bxf5 Bxf5 16. Na4 Bb6 17. Rc1 Ba5 18. Re3 Rb4 19. c3 Re4 20. Rxe4 Bxe4 21.
Nc5 Bf5 22. Nb7 Qb8 23. Nxa5 c5 24. Qxd5 Be6 25. Qb7 Qd8 26. Bf4 Qh4 27. Qc6
Rc8 28. Be3 c4 29. b3 cxb3 30. axb3 Qe7 31. Qc5 Qd7 32. Qc6 Qe7 33. Ra1 Bd7 34.
Bc5 Qe8 35. Qe4 f5 36. Qe3 Be6 37. b4 a6 38. Nb7 Rb8 39. Na5 Qf7 40. Nc6 Ra8
41. b5 Bd5 42. Ne7+ Kh8 43. Nxd5 Qxd5 44. Rxa6 Rb8 45. Qd4 Qb3 46. Qb4 Qd1+ 47.
Kh2 Qd7 48. b6 cxb6 49. Rxb6 Re8 50. Rb8 Kg8 51. Rxe8+ Qxe8 52. Bd6 Kf7 53.
Qb7+ Kg6 54. c4 Qa4 55. c5 h5 56. c6 Qf4+ 57. Kg1 Qc1+ 58. Kh2 Qf4+ 59. Kh1
Qc1+ 60. Kh2 1/2-1/2

[Event "DEM U12w 2016"]
[Site "Willingen GER"]
[Date "2016.05.21"]
[Round "11"]
[White "Wucherer, Sophie"]
[Black "Bohrer, Katharina"]
[Result "1-0"]
[Termination "normal"]
[Board "16"]
[WhiteElo "1171"]
[BlackElo "1406"]
[PlyCount "123"]
[WhiteFideId "16225473"]
[BlackFideId "16225457"]
[EventCountry "GER"]
[EventRounds "11"]
[EventType "swiss"]
[EventDate "2016.05.14"]

1. e4 d6 2. d4 Nf6 3. Nc3 g6 4. Be2 Bg7 5. Be3 O-O 6. g4 Nc6 7. g5 Nd7 8. Qd2
a6 9. h4 b5 10. a3 Bb7 11. h5 e5 12. hxg6 fxg6 13. d5 Nd4 14. Bg4 c6 15. Nge2
Nf3+ 16. Bxf3 Rxf3 17. dxc6 Bxc6 18. Qxd6 Rc8 19. O-O-O Qe8 20. Ng3 Bf8 21. Qd2
b4 22. axb4 Bxb4 23. Nge2 a5 24. Qd3 Nc5 25. Qc4+ Qf7 26. Qxf7+ Rxf7 27. Rh4 a4
28. Nd5 Bb5 29. Nec3 Bc6 30. Nxb4 Ne6 31. Nxc6 Rxc6 32. Nxa4 Rfc7 33. Rd2 Ra6
34. b3 Kg7 35. f4 exf4 36. Bxf4 Nxf4 37. Rxf4 Rf7 38. Rxf7+ Kxf7 39. Rd7+ Kg8
40. c4 Re6 41. Nc5 Re5 42. b4 Rxg5 43. Rd5 Rg1+ 44. Kc2 h5 45. b5 Rg2+ 46. Rd2
Rg5 47. b6 Re5 48. Rd8+ Kh7 49. b7 Rxc5 50. Rc8 Re5 51. b8=Q Re7 52. Rc7 Rxc7
53. Qxc7+ Kh6 54. e5 h4 55. e6 Kh5 56. e7 g5 57. e8=Q+ Kg4 58. Qe2+ Kf5 59.
Qce5+ Kg6 60. Qg4 Kh7 61. Qh5+ Kg8 62. Qeh8# 1-0

[Event "DEM U12w 2016"]
[Site "Willingen GER"]
[Date "2016.05.21"]
[Round "11"]
[White "Schmidt, Pauline"]
[Black "Kiesel, Lara"]
[Result "0-1"]
[Termination "normal"]
[Board "17"]
[WhiteElo "1142"]
[BlackElo "1318"]
[PlyCount "118"]
[WhiteFideId "16209850"]
[BlackFideId "12973785"]
[EventCountry "GER"]
[EventRounds "11"]
[EventType "swiss"]
[EventDate "2016.05.14"]

1. e4 e6 2. d4 d5 3. e5 c5 4. c3 Qb6 5. Nf3 Nc6 6. a3 Nh6 7. b4 cxd4 8. cxd4
Nf5 9. Be3 Be7 10. Bd3 O-O 11. Bxf5 exf5 12. O-O f6 13. exf6 Bxf6 14. Nc3 Be6
15. Na4 Qc7 16. Nc5 Bc8 17. Qb3 Rd8 18. Rad1 b6 19. Nd3 h6 20. Nf4 Qf7 21. Rfe1
g5 22. Ne2 Qg7 23. b5 Na5 24. Qb4 Nc4 25. Kh1 Be7 26. Qc3 Bxa3 27. Bc1 Qf8 28.
Bxa3 Qxa3 29. Qxa3 Nxa3 30. Nc3 Bd7 31. Nxd5 Nxb5 32. Ne7+ Kf7 33. Nd5 Be6 34.
Nb4 a5 35. Ne5+ Kf6 36. Nbc6 Rd6 37. Re3 Bd5 38. Nd7+ Rxd7 39. Ne5 Rd6 40. Nf3
Bxf3 41. Rxf3 Rad8 42. g4 f4 43. Rfd3 Rxd4 44. Rxd4 Rxd4 45. Rb1 Rb4 46. Rc1
Nd4 47. Rc8 Rb1+ 48. Kg2 Re1 49. Rb8 b5 50. Rb6+ Re6 51. Rb8 Ke5 52. Rc8 Kd5
53. Kf1 Rc6 54. Rd8+ Kc5 55. Re8 Kb4 56. Re1 a4 57. Rb1+ Nb3 58. Ke2 Rc2+ 59.
Kd3 Rxf2 0-1

[Event "DEM U12w 2016"]
[Site "Willingen GER"]
[Date "2016.05.21"]
[Round "11"]
[White "Gehrke, Gina Celina"]
[Black "Schwegler, Jelena"]
[Result "1-0"]
[Termination "normal"]
[Board "18"]
[WhiteElo "1519"]
[BlackElo "912"]
[PlyCount "127"]
[WhiteFideId "16205979"]
[BlackFideId "16225481"]
[EventCountry "GER"]
[EventRounds "11"]
[EventType "swiss"]
[EventDate "2016.05.14"]

1. d4 Nf6 2. e3 g6 3. Bd3 Bg7 4. Nd2 O-O 5. Ngf3 d6 6. O-O Nbd7 7. c4 e5 8. d5
Re8 9. e4 Nc5 10. Qc2 a5 11. Rb1 b6 12. b3 Nxd3 13. Qxd3 Nh5 14. Re1 f5 15.
exf5 Bxf5 16. Ne4 Nf4 17. Bxf4 exf4 18. Nd4 Bxe4 19. Rxe4 Rxe4 20. Qxe4 Qe8 21.
Qxe8+ Rxe8 22. Ne6 Re7 23. Nxf4 Bc3 24. Ne6 c6 25. a4 cxd5 26. cxd5 h6 27. g3
g5 28. Rc1 Bb4 29. Rc8+ Kf7 30. Rc6 Bc5 31. Nxc5 bxc5 32. Rxd6 Re1+ 33. Kg2 Rb1
34. Rxh6 Rxb3 35. Rh7+ Ke8 36. Rc7 Rc3 37. Kh3 Rc4 38. d6 Kd8 39. Kg2 Rxa4 40.
Rxc5 Rd4 41. Rxa5 Rxd6 42. Rxg5 Ke7 43. h4 Kf6 44. Kh3 Rd2 45. f4 Rd8 46. Kg4
Rd7 47. h5 Rg7 48. Rxg7 Kxg7 49. Kg5 Kh7 50. f5 Kg7 51. g4 Kh7 52. f6 Kg8 53.
Kg6 Kf8 54. f7 Ke7 55. Kg7 Ke6 56. f8=Q Ke5 57. Qf5+ Kd4 58. h6 Ke3 59. h7 Kd4
60. h8=R Kc3 61. Qd5 Kc2 62. Rc8+ Kb2 63. Qb5+ Ka3 64. Ra8# 1-0

[Event "DEM U12w 2016"]
[Site "Willingen GER"]
[Date "2016.05.21"]
[Round "11"]
[White "Kieckbusch, Lotta"]
[Black "Wittich, Carlotta"]
[Result "1/2-1/2"]
[Termination "normal"]
[Board "19"]
[WhiteElo "993"]
[BlackElo "952"]
[PlyCount "49"]
[WhiteFideId "16214390"]
[BlackFideId "16217411"]
[EventCountry "GER"]
[EventRounds "11"]
[EventType "swiss"]
[EventDate "2016.05.14"]

1. e4 e5 2. Nf3 Nc6 3. Bc4 Nf6 4. d4 exd4 5. O-O Nxe4 6. Re1 d5 7. Bxd5 Qxd5 8.
Nc3 Qh5 9. Nxe4 Be6 10. Bg5 Bd6 11. Nxd6+ cxd6 12. Bf4 Qd5 13. c3 Rc8 14. Nxd4
Nxd4 15. Qxd4 Qxd4 16. cxd4 Kd7 17. a3 g6 18. Rac1 a6 19. Rxc8 Rxc8 20. Rc1
Rxc1+ 21. Bxc1 f5 22. g3 Kc6 23. Bd2 Kd5 24. Bc3 b5 25. Kg2 1/2-1/2

[Event "DEM U12w 2016"]
[Site "Willingen GER"]
[Date "2016.05.21"]
[Round "11"]
[White "Kriuckova, Sonia"]
[Black "Visvikis, Kassandra"]
[Result "0-1"]
[Termination "normal"]
[Board "20"]
[WhiteElo "1231"]
[BlackElo "1342"]
[PlyCount "50"]
[WhiteFideId "16204310"]
[BlackFideId "36052167"]
[EventCountry "GER"]
[EventRounds "11"]
[EventType "swiss"]
[EventDate "2016.05.14"]

1. e4 e5 2. Nf3 Nc6 3. Bb5 a6 4. Ba4 Nf6 5. O-O Be7 6. c4 d6 7. Bxc6+ bxc6 8.
Re1 Be6 9. Qc2 O-O 10. d4 exd4 11. Nxd4 Bd7 12. e5 dxe5 13. Rxe5 Ng4 14. Re2 c5
15. Nf3 Bc6 16. Ne5 Nxe5 17. Rxe5 Bd6 18. Rh5 g6 19. Rh3 Re8 20. Bd2 Bf4 21.
Rd3 Qg5 22. f3 Qe5 23. h3 Bh2+ 24. Kh1 Qg3 25. Qc3 Re2 0-1